Assamese response to regionalism: (Record no. 28822)

MARC details
000 -LEADER
fixed length control field 00913nam a2200229 a 4500
005 - DATE AND TIME OF LATEST TRANSACTION
control field 20090801120133.0
008 - FIXED-LENGTH DATA ELEMENTS--GENERAL INFORMATION
fixed length control field 080719s2008 ii b b 001 0 eng
010 ## - LCCN (DPL NO)
LC control number ENG-94599
020 ## - INTERNATIONAL STANDARD BOOK NUMBER
International Standard Book Number 8183242812
Terms of availability 295.00
035 ## - SYSTEM CONTROL NUMBER
System control number EN-78132
037 ## - SOURCE OF ACQUISITION
Source of stock number/acquisition DBAD / PUB
040 ## - CATALOGING SOURCE
Original cataloging agency dpl
Language of cataloging English
082 ## - DEWEY DECIMAL CLASSIFICATION NUMBER
Classification number 324.25451084
100 ## - MAIN ENTRY--PERSONAL NAME
Personal name Boruah, Chandranath
245 ## - TITLE STATEMENT
Title Assamese response to regionalism:
Statement of responsibility, etc by Chandranath Boruah
Remainder of title a study based on electoal politics /
260 ## - PUBLICATION, DISTRIBUTION, ETC. (IMPRINT)
Place of publication, distribution, etc New Delhi
Name of publisher, distributor, etc Mittal Publications
Date of publication, distribution, etc 2009
270 ## - ADDRESS
Address 4594/9, Daryaganj,
City New Delhi
Postal code 110002
300 ## - PHYSICAL DESCRIPTION
Extent xxv, 108p.
Dimensions 24cm(Hb)
500 ## - GENERAL NOTE
General note Includes bibliographical references and index
942 ## - ADDED ENTRY ELEMENTS (KOHA)
Source of classification or shelving scheme Dewey Decimal Classification
Item type English Books
Call number suffix BOR
Classification part 324.25451084
Holdings
Withdrawn status Lost status Source of classification or shelving scheme Damaged status Not for loan Collection code Home library Current library Date acquired Source of acquisition Cost, normal purchase price Total Checkouts Full call number Barcode Date last seen Copy number Cost, replacement price Koha item type
    Dewey Decimal Classification   Not For Loan Non-fiction D.B.Act.Division D.B.Act.Division 01/08/2009 DBAD / PUB 295.00   324.25451084 BOR EN-78132 01/08/2009 1 295.00 English Books

© Delhi Public Library
Hit Counter
free hit counter